| 000 | 00534nam a2200157 a 4500 | ||
|---|---|---|---|
| 008 | 120416s1971 ||||||||||||||||| || u | ||
| 050 | _aQE 654 Gre | ||
| 100 | _aGreig, D. C | ||
| 245 | 1 | 4 | _aThe South of Scotland |
| 250 | _a3rd ed. | ||
| 260 |
_aEdinburgh _bHMSO _c1971 |
||
| 350 | _a0.00 | ||
| 650 | _aGEOLOGY--STUDY AND TEACHING | ||
| 650 | _aSTRATIGRAPHY--SCOTLAND, SOUTH | ||
| 995 |
_D0.00 _FCBU-MAIN LIBRARY (Kitwe) _H1 _I5.85 _M1 _UAVAILABLE _ZAnnex Low-Usage Collection |
||
| 999 |
_c57984 _d57984 |
||